Normal view
MARC view
Entry Topical Term
001 - CONTROL NUMBER
- control field: 247243
003 - CONTROL NUMBER IDENTIFIER
- control field:
005 - DATE AND TIME OF LATEST TRANSACTION
- control field: 20210601204724.0
008 - FIXED-LENGTH DATA ELEMENTS
- fixed length control field: 210601|| aca||aabn | a|a d
040 ## - CATALOGING SOURCE
- Original cataloging agency:
- Transcribing agency:
150 ## - HEADING--TOPICAL TERM
- Topical term or geographic name entry element: Women revolutions
- Geographic subdivision: India
670 ## - SOURCE DATA FOUND
- Source citation: Work cat.: (): 880-01 त्रिपाठी, कुसुम 1962 - 247241, स्त्री अस्मिता के सौ साल, 2010.
